Managerial economics : applications, strategy, and tactics /
Guardado en:
| Autor principal: | |
|---|---|
| Otros Autores: | , |
| Formato: | Libro |
| Publicado: |
Mason, Ohio :
Thomson/South-Western,
c2005.
|
| Edición: | 10th ed. |
| Materias: | |
| Etiquetas: |
Agregar Etiqueta
Sin Etiquetas, Sea el primero en etiquetar este registro!
|
MARC
| LEADER | 00000cam a22000004a 4500 | ||
|---|---|---|---|
| 005 | 20251006050412.0 | ||
| 020 | |a 0324259239 |c TZS 100,395.50/= | ||
| 020 | |a 0324290705 | ||
| 020 | |a 0324225067 | ||
| 020 | |a 9780324225068 | ||
| 040 | |a MCCL |b eng. |e AACR 2nd rev. ed. | ||
| 082 | |a 330.1 McG | ||
| 100 | 1 | |a McGuigan, James R. | |
| 245 | 1 | 0 | |a Managerial economics : |b applications, strategy, and tactics / |c James R. McGuigan, R. Charles Moyer, Frederick H. deB. Harris. |
| 250 | |a 10th ed. | ||
| 260 | |a Mason, Ohio : |b Thomson/South-Western, |c c2005. | ||
| 300 | |a xxi, 869, [31] p. : |b col. ill. ; |c 26 cm. | ||
| 504 | |a Includes bibliographical references and index. | ||
| 546 | |a eng. | ||
| 650 | 0 | |a Managerial economics. | |
| 650 | 0 | |a Managerial economics |v Problems, exercises, etc. | |
| 700 | 1 | |a Moyer, R. Charles, | |
| 700 | 1 | |a Harris, Frederick H. deB. | |
| 942 | |c BK | ||
| 999 | |c 11901 |d 11901 | ||